000 01477nam0a22003011 4500
001 rc\3178382
005 20260408072041.0
021 _aRU
_b[76-299]
035 _a(NLR Aleph) 007346359
090 _a6162595
_c6162595
100 _a20120628d1975 |||y0rusy50 ca
101 0 _arus
102 _aRU
105 _aa z |||||
200 1 _aИнструмент и устройства для ручной электродуговой сварки
_e(Обзор)
_f[Канд. техн. наук Б.Д. Малышев, И.С. Кольдерцев]
_gМинмонтажспецстрой СССР, Гл. техн. упр.
210 _aМосква
_cЦБНТИ Минмонтажспецстроя СССР
_d1975
215 _a[1], 57 с.
_cил.
_d20
320 _aСписок лит.: с. 56-57 (16 назв.)
606 _aСварочные приспособления
_2psbo
606 _aЭлектросварка дуговая, ручная
_xГигиена труда
_2psbo
700 1 _aМалышев
_bБ.Д.
_gБорис Дмитриевич
701 1 _aКольдерцев
_bИ.С.
712 0 1 _4070
_aСССР
_bМинистерство монтажных и специальных строительных работ
_bЦентральное бюро научно-технической информации
_3RU\NLR\AUTH\8810062491
_9626518
801 0 _aRU
_bNLR
_gpsbo
801 1 _aRU
_bELAR
_2rusmarc
852 _aNLR
_j76-4/11412
942 _cBOOK
980 _aNB